Statistics for The Maze Runner Charactors

Click here to take the quiz!

General Stats

  • This quiz has been taken 67 times
  • The average score is 11 of 12

Answer Stats

HintAnswer% Correct
Keeper of the Runners and one of Thomas's friendsMinho
100%
Thomas's friend with a limpNewt
100%
The only girl in The GladeTeresa
100%
Main charactorThomas
100%
The leader of The GladeAlby
98%
The youngest one in The Glade who was the greenbean before ThomasChuck
98%
The cook in The GladeFrypan
98%
Thomas nemesis in The Glade who was mean to everybodyGally
97%
One of the Runners who was stung by a grieverBen
93%
The Chancelor of WICKEDAva Paige
88%
Keeper of the SlicersWinston
88%
Keeper of The Track-Hoes/ GardensZart
83%

Score Distribution

Percentile by Number Answered

Percent of People with Each Score

Your Score History

You have not taken this quiz